Heslá 1996 s veršami piesní z nového evanjelického spevníka

Bibliographic Details
Format: Book
Language:Slovak
PhysicalDescription:140 s. 15 cm
Published: Kežmarok Modlitebné spoločenstvo ECAVS 1995
ISBN:8088747279
Subjects:

MARC

LEADER 00000cam a2200000 a 4500
001 vtls001124895
003 SK-MaSNL
005 20260301062818.0
008 240226s1995 xo g 000 0 slo
015 |a SNBA1996/0300595 
020 |a 8088747279 
035 |a SNK000067741 
035 |a urn:nbn:sk:snk-am3hfhe 
035 |a 03EC7577-6504-4009-8068-ADB1B7797FDB 
035 |a urn:nbn:sk:snk-am00cyhf 
040 |a SNK  |b slo  |c SNK  |e AACR2 
041 0 |a slo 
044 |a xo  |c SK 
080 |a 264-041:242:284.1  |2 1981 
080 |a 242  |2 1981 
080 |a 284.1  |2 1981 
245 0 0 |a Heslá 1996  |b s veršami piesní z nového evanjelického spevníka 
260 |a Kežmarok  |b Modlitebné spoločenstvo ECAVS  |c 1995 
300 |a 140 s.  |c 15 cm 
610 2 7 |a Evanjelická cirkev a.v.  |2 SNKKA  |9 32425 
650 0 7 |a cirkevný rok  |2 SNKPH  |9 739 
655 7 |a príručky  |2 SNKPH  |9 74364 
919 |a 80-88747-27-9 
958 |a NT 
999 |c 621981  |d 623911 
952 |t P60, <09>, [BOOK], {629}  |a SNK  |b SNK  |y NEVYP  |7 0  |o snkE 16  |i snk206/960115  |0 0  |1 0  |4 0  |d 1996-01-12  |l 0  |r 2004-12-31 00:00:00  |w 2026-02-23 
952 |t P60, <03>, [BOOK], {603}  |a SNK  |b SNK  |y PREZ  |7 0  |p 17A0787144  |o snkSE 9032  |i snkKSP 00445/96  |0 0  |1 0  |4 0  |d 1996-01-12  |f 1  |l 0  |r 2004-12-31 00:00:00  |w 2026-02-23 
952 |t P60, <04>, [BOOK], {603}  |a SNK  |b SNK  |y VYP  |7 0  |p 17A0004285  |o snkSE 9032 D1  |i snkKSP 00446/96  |0 0  |1 0  |4 0  |d 1996-01-12  |l 0  |r 2004-12-31 00:00:00  |w 2026-02-23